header

IMF data standards initiatives (Record no. 102818)

MARC details
000 -LEADER
fixed length control field 01412nam a2200337Ia 4500
100 1# - MAIN ENTRY--AUTHOR NAME
Personal name Kester, Anne Y.
245 10 - TITLE STATEMENT
Title IMF data standards initiatives
260 ## - PUBLICATION, DISTRIBUTION, ETC. (IMPRINT)
Place of publication [Washington, D.C.] :
Name of publisher International Monetary Fund, Statistics Dept.,
Year of publication 2006.
300 ## - PHYSICAL DESCRIPTION
Number of Pages 16 p.
490 1# - SERIES STATEMENT
Series statement IMF working paper ;
500 ## - GENERAL NOTE
General note "April 2006."
650 #0 - SUBJECT ADDED ENTRY--TOPICAL TERM
Topical Term Disclosure of information.
Topical Term Finance
Topical Term Economic indicators
856 40 - ELECTRONIC LOCATION AND ACCESS
Uniform Resource Identifier http://site.ebrary.com/lib/rucke/Doc?id=10380823

No items available.

© 2026 Rongo University
Contact us: librarian | system librarian | Rongo university